|
|
|
|
| LEADER |
00000cam a2200000 i 4500 |
| 001 |
1/13133 |
| 008 |
110512s2007 gr | ||| |||| ||gre|| |
| 020 |
|
|
|a 9789607895837
|
| 035 |
|
|
|l 10110077
|
| 040 |
|
|
|a GR-MyUa
|b gre
|e AACR2
|
| 041 |
1 |
|
|a gre
|h eng
|
| 082 |
7 |
|
|a 895.63
|2 (22)
|
| 100 |
1 |
|
|a Murakami, Haruki,
|d 1949-
|
| 245 |
1 |
2 |
|a Ο ελέφαντας εξαφανίζεται /
|c ιστορίες του Χαρούκι Μουρακάμι ; μετάφραση από τα αγγλικά: Γιώργος Βουδικλάρης, Θανάσης Δούβρης.
|
| 260 |
|
|
|a Αθήνα :
|b KOAN,
|c c2007.
|
| 300 |
|
|
|a 401 σ. ;
|c 21 εκ.
|
| 500 |
|
|
|a Τίτλος πρωτοτύπου: The elephant vanishes.
|
| 650 |
|
0 |
|a Japanese fiction.
|
| 852 |
|
|
|a INST
|b SYROS
|e 20110512
|h 895.63 MUR
|p 005500009158
|q 005500009158
|t BK
|y 0
|
| 901 |
|
|
|a BIBL5-2011-2
|
| 970 |
|
|
|a Κοντού
|b Παρασκευή
|z 12/05/2011
|